000 01001cam a2200313 i 4500
001 41448
003 Mx-PuUPA
005 20260422142155.0
008 140415s2013 mx gr 001 0 spa d
020 _a9786074624427
040 _cMx-PuUPA
_aMx-PuUPA
_bspa
_dMx-PuUPA
_erda
041 0 _aspa
043 _anwcu---
100 1 _aZanetti Lecuona, Oscar,
_d1946-
_eautor
_917980
245 1 0 _aHistoria mínima de Cuba /
_cOscar Zanetti Lecuona
250 _aPrimera edición
264 1 _aMéxico, D.F. :
_bEl Colegio de México,
_c2013
300 _a340 páginas ;
_c21 cm
336 _2rdacontent
_atexto
_btxt
337 _2rdamedia
_asin medio
_bn
338 _2rdacarrier
_avolumen
_bnc
490 0 _aHistoria Mínima
651 4 _aCuba
_xHistoria
651 4 _aCuba
_xPolítica y gobierno
942 _2ddc
_cLI
_h972.91
_iZ27
999 _c41448
_d41448